01438 2200241 4500001002100000005001500021035002000036007000300056008004100059020002200100082001200122084001800134100002900152245007700181300004300258650002200301336002100323337003000344338002300374264003700397520074500434990001701179INLIS00000000150284420251211090641 a0010-1225000049ta251211 g 0 ind  a978-623-6252-34-5 a631.584 a631.584 BIS p0 aBisri MustofaePengarang1 aPertanian organik :bRamah lingkungan dan menguntungkan /cBisri Mustofa ax, 172 halaman. :bilustrasi ;c21 cm. 4apertanian organik 2rdacontentateks 2rdamediaatanpa perantara 2rdacarrieravolume aYogyakarta :bParama Ilmu,c2024 aBuku ini menyoroti bahwa pertanian organik merupakan peluang usaha yang sangat menjanjikan di masa depan, seiring meningkatnya kesadaran masyarakat akan kesehatan dan lingkungan. Penulis menjelaskan pentingnya sistem pertanian yang menghindari penggunaan pupuk dan pestisida kimia sintetis, yang dapat mencemari tanah, air, dan udara. Metode yang ditekankan berfokus pada pemanfaatan bahan-bahan alami dan lokal untuk menjaga kesehatan ekosistem. Selain manfaat ekologis, buku ini juga membahas strategi agribisnis dan teknologi budidaya untuk mencapai daya saing tinggi dan meningkatkan pendapatan petani. Buku ini menekankan bahwa hasil panen organik lebih sehat dan bebas residu bahan kimia berbahaya, sehingga aman untuk dikonsumsi. a2025/HD/0459